Shadow on the sand : including two Lone Wolf adventures /

Bibliographic Details
Main Author: Dever, Joe
Other Authors: Chalk, Gary
Format: Book
Language:English
Published: New York : Berkley Books, 1986
Series:Dever, Joe. Lone wolf ; bk. 5.
Subjects:

MARC

Tag First Indicator Second Indicator Subfields
LEADER 00000cam a2200000 a 4500
001 in00000409986
005 20151012051231.0
008 860306c19861985nyua j 00011 eng d
020 |a 042508440X :  |c $2.95 
035 |a (OCoLC)13245284 
035 |9 ABT4442AM 
040 |a COQ  |c COQ  |d TXA  |d UtOrBLW 
049 |a TXAS  |c [A14811566765] 
090 |a GV1202.F35  |b D4 1986 
100 1 |a Dever, Joe. 
245 1 0 |a Shadow on the sand :  |b including two Lone Wolf adventures /  |c Joe Dever and Gary Chalk. 
264 1 |a New York :  |b Berkley Books,  |c 1986 
264 4 |c ©1985 
300 |a 400 pages :  |b illustrations ;  |c 18 cm. 
336 |a text  |b txt  |2 rdacontent 
337 |a unmediated  |b n  |2 rdamedia 
338 |a volume  |b nc  |2 rdacarrier 
490 1 |a Lone wolf ;  |v bk. 5 
500 |a Pacer books for young adults 
500 |a Text and map on lining papers. 
650 0 |a Fantasy games. 
700 1 |a Chalk, Gary. 
800 1 |a Dever, Joe.  |t Lone wolf ;  |v bk. 5. 
999 |a MARS 
999 f f |s fca3edb8-4a73-37e4-b3b3-87147c9b693e  |i 878ea745-4152-3757-9a79-3620df2ac7eb  |t 0 
952 f f |p noncirc  |a Texas A&M University  |b College Station  |c Cushing Memorial Library & Archives  |d Cushing: Science Fiction (Does not check out)  |t 0  |e GV1202.F35 D4 1986  |h Library of Congress classification  |i unmediated -- volume  |m A14811566765 
998 f f |a GV1202.F35 D4 1986  |t 0  |l Cushing: Science Fiction (Does not check out)